000 00358nam a2200133Ia 4500
008 231217s9999 xx 000 0 und d
041 _aEnglish
082 _a153.6 CHO;1 R
100 _aChopra, Ravi
245 0 _aText book of professional communication
260 _c2003
_bNew Delhi : Galgotia Publications Pvt Ltd,
300 _aA1-I15
942 _cAA
999 _c169595
_d169595